Riot (Record no. 111486)

MARC details
000 -LEADER
fixed length control field 00352nam a2200121Ia 4500
008 - FIXED-LENGTH DATA ELEMENTS--GENERAL INFORMATION
fixed length control field 211119s9999||||xx |||||||||||||| ||und||
082 ## - DEWEY DECIMAL CLASSIFICATION NUMBER
Classification number 823
Item number THA-R
100 ## - MAIN ENTRY--PERSONAL NAME
Personal name Tharoor, Shashi
245 #0 - TITLE STATEMENT
Title Riot
260 ## - PUBLICATION, DISTRIBUTION, ETC.
Name of publisher, distributor, etc. Viking
Place of publication, distribution, etc. New Delhi
Date of publication, distribution, etc. 2001
650 ## - SUBJECT ADDED ENTRY--TOPICAL TERM
Topical term or geographic name entry element English Literature
942 ## - ADDED ENTRY ELEMENTS (KOHA)
Koha item type BOOK
650 ## - SUBJECT ADDED ENTRY--TOPICAL TERM
Form subdivision English FictionEnglish NovelShort StoriesEnglish
General subdivision General Stack
Holdings
Withdrawn status Lost status Damaged status Not for loan Home library Current library Date acquired Cost, normal purchase price Total Checkouts Full call number Barcode Shelving location Date last seen Date last checked out Price effective from Koha item type
        SB LIBRARY SB LIBRARY 19/11/2021 299.00 3 823 THA-R 00124933 GENERAL STACK 25/11/2025 25/11/2025 19/11/2021 BOOK

Powered by Koha